01721nam a2200349Ia 4500001001200000003000800012006001900020007001500039008004100054010001700095020001500112040002100127035002100148050002200169082001200191111008400203245024400287260004700531300001700578490014000595504005100735533015200786650003500938650002300973655002900996700003201025700002101057710001701078830013101095856012601226999001901352ebr10103920CaPaEBRm u cr cn|||||||||051027s2005 pau sb 101 0 eng d z 2005055560 z9027247862 aCaPaEBRcCaPaEBR a(OCoLC)61483225614aPC11b.L53 2004eb04a4402222 aLinguistic Symposium on Romance Languagesn(34th :d2004 :cUniversity of Utah)10aTheoretical and experimental approaches to Romance linguisticsh[electronic resource] :bselected papers from the 34th Linguistic Symposium on Romance Languages (LSRL), Salt Lake City, March 2004 /cedited by Randall S. Gess, Edward Rudin. aPhiladelphia, PA :bJohn Benjamins,c2005. aviii, 367 p.1 aAmsterdam studies in the theory and history of linguistic science. Series IV, Current issues in linguistic theory,x0304-0763 ;vv. 272 aIncludes bibliographical references and index. aElectronic reproduction.bPalo Alto, Calif. :cebrary,d2011.nAvailable via World Wide Web.nAccess may be limited to ebrary affiliated libraries. 0aRomance languagesvCongresses. 0aRomance languages. 7aElectronic books.2local1 aGess, Randall Scott,d1963-1 aRubin, Edward J.2 aebrary, Inc. 0aAmsterdam studies in the theory and history of linguistic science.nSeries IV,pCurrent issues in linguistic theory ;vv. 272.40uhttp://site.ebrary.com/lib/rucke/Doc?id=10103920zAn electronic book accessible through the World Wide Web; click to view c206527d206527